LEADER 02260oam 2200541 450 001 9910715923703321 005 20210421095928.0 035 $a(CKB)5470000002516861 035 $a(OCoLC)680300818$z(OCoLC)622063366$z(OCoLC)667855379$z(OCoLC)974647516$z(OCoLC)1153329955 035 $a(OCoLC)995470000002516861 035 $a(EXLCZ)995470000002516861 100 $a20101110d1993 ua 0 101 0 $aeng 135 $aurbn||||||||| 181 $ctxt$2rdacontent 182 $cc$2rdamedia 183 $acr$2rdacarrier 200 10$aApplication of a hydrochemical model and a multivariate soil-solution mixing model to alpine watersheds in the Sierra Nevada, California /$fby Richard P. Hooper and Norman E. Peters ; prepared in cooperation with the California Air Resources Board 210 1$aAtlanta, Georgia :$cU.S. Geological Survey,$d1993. 215 $a1 online resource (vi, 58 pages) $cillustrations, maps 225 1 $aWater-resources investigations report ;$v93-4030 320 $aIncludes bibliographical references (pages 38-39). 606 $aMountain watersheds$zSierra Nevada (Calif. and Nev.)$xComputer simulation 606 $aAcid deposition$zSierra Nevada (Calif. and Nev.)$xComputer simulation 606 $aWater$xPollution$zSierra Nevada (Calif. and Nev.)$xComputer simulation 606 $aWater$xPollution$xComputer simulation$2fast 607 $aUnited States$zSierra Nevada$2fast 615 0$aMountain watersheds$xComputer simulation. 615 0$aAcid deposition$xComputer simulation. 615 0$aWater$xPollution$xComputer simulation. 615 7$aWater$xPollution$xComputer simulation. 700 $aHooper$b Richard P$g(Richard Paul),$f1957-$01386916 702 $aPeters$b Norman E. 712 02$aGeological Survey (U.S.), 712 02$aCalifornia.$bAir Resources Board. 801 0$bOCLCE 801 1$bOCLCE 801 2$bOCLCQ 801 2$bOCLCO 801 2$bOCLCQ 801 2$bCOP 801 2$bOIP 801 2$bOCLCF 801 2$bGPO 906 $aBOOK 912 $a9910715923703321 996 $aApplication of a hydrochemical model and a multivariate soil-solution mixing model to alpine watersheds in the Sierra Nevada, California$93436231 997 $aUNINA LEADER 03584oam 22005893 450 001 9910583024803321 005 20240506120041.0 035 $a(CKB)3150000000024075 035 $a(MiAaPQ)EBC5253022 035 $a(EXLCZ)993150000000024075 100 $a20210525d2017 uy 0 101 0 $aeng 135 $aurcnu|||||||| 181 $ctxt$2rdacontent 181 $csti$2rdacontent 182 $cc$2rdamedia 183 $acr$2rdacarrier 200 10$aMaster Techniques in Facial Rejuvenation E-Book 205 $a2nd ed. 210 1$aPhiladelphia :$cElsevier,$d2017. 210 4$d©2018. 215 $a1 online resource (xiii, 354 pages) $ccolor illustrations 300 $aRevised edition of : Master techniques in facial rejuvenation / [editors] Babak Azizzadeh, Mark R. Murphy, Calvin M. Johnson Jr. ©2007. 311 $a0-323-35876-4 320 $aIncludes bibliographical references. 327 $aFacial embryology -- Facial anatomy -- Addressing facial shape and proportions with injectable agents in youth and age -- Non-surgical tightening -- Skin care -- Skin resurfacing (chemical peels, lasers, dermabraision) -- The open browlift -- Endoscopic browlift -- Non-surgical brow and eyelid rejuvenation -- Upper blepharoplasty and aesthetic surgical adjuncts -- Ptosis repair with blepharoplasty -- Transconjunctival lower blepharoplasty -- Transcutaneous lower blepharoplasty -- The spectrum of canthal suspension techniques in lower blepharoplasty -- Aesthetic rejuvenation in the patient of Asian ancestry -- The deep plane facelift -- Deep plane rhytidectomy modifications -- Lateral smasectomy facelift -- Short-flap smas rhytidectomy -- Tridimensional endoscopic mid-facelift -- Aesthetic midface implants -- Mentoplasty -- Orthognathic aesthetic facial surgery -- Facial & cervical suction lipectomy -- Complementary fat grafting -- Rhinoplasty in the aging patient 330 $a"Comprehensive coverage, multidisciplinary guidance, and step-by-step instruction both in print and on video help you choose the best approach and get the best results for any facial rejuvenation challenge. Master Techniques in Facial Rejuvenation, 2nd Edition, by Drs. Babak Azizzadeh, Mark Murphy, Calvin Johnson, Guy Massry, and Rebecca Fitzgerald, presents multiple facial rejuvenation techniques by experts in the fields of plastic surgery, facial plastic surgery, otolaryngology, oculoplastic surgery and dermatology. Competing and complementary techniques focus on all areas of the face, providing a balanced and systematic approach to this fast-growing field"--Publisher's description. 606 $aFace$xSurgery 606 $aSurgery, Plastic 606 $aFace$xsurgery$3(DNLM)D005145Q000601 606 $aCosmetic Techniques$3(DNLM)D003357 606 $aProstheses and Implants$3(DNLM)D019736 606 $aPlastic Surgery Procedures$xmethods$3(DNLM)D019651Q000379 615 0$aFace$xSurgery. 615 0$aSurgery, Plastic. 615 12$aFace$xsurgery. 615 22$aCosmetic Techniques. 615 22$aProstheses and Implants. 615 22$aPlastic Surgery Procedures$xmethods. 676 $a617.5/2059 700 $aAzizzadeh$b Babak$01780537 701 $aMurphy$b Mark R$01780538 701 $aJohnson$b Calvin M., Jr$01780539 701 $aMassry$b Guy G$01780540 701 $aFitzgerald$b Rebecca$01780541 801 0$bMiAaPQ 801 1$bMiAaPQ 801 2$bMiAaPQ 906 $aBOOK 912 $a9910583024803321 996 $aMaster Techniques in Facial Rejuvenation E-Book$94304672 997 $aUNINA